000 00565cam a22002053a 4500
001 39359
003 PGUSA
005 20140828083856.0
008 120403s2012||||xxu|||||s|||||000 | eng d
040 _aPGUSA
_beng
042 _adc
100 1 _aNewby, Emma
245 1 0 _aMabel, Vol. III (of 3) :
_bA Novel
_h[electronic resource] /
_cEmma Newby
260 _bProject Gutenberg,
_c2012
506 _aPublic domain in the USA.
516 _aElectronic text
830 0 _aProject Gutenberg
_v39359
856 4 0 _uhttp://www.gutenberg.org/ebooks/39359
942 _cEB
999 _c268612
_d268612